Normal view MARC view

Entry Nome pessoal

Number of records used in: 1

001 - NÚMERO DE CONTROLE

  • campo de controle: 652

003 - IDENTIFICADOR DO NÚMERO DE CONTROLE

  • campo de controle: Br

005 - DATA E HORÁRIO DA ÚLTIMA TRANSAÇÃO

  • campo de controle: 20250327072400.0

008 - CAMPO DE DADOS FIXOS

  • campo de controle de tamanho fixo: a a

035 ## - NÚMERO DE CONTROLE DO SISTEMA

  • Número de Controle do Sistema: 2002012310564726med

040 ## - FONTE DA CATALOGAÇÃO

  • Instituição da catalogação original: OSt

100 1# - CABEÇALHO--NOME PESSOAL

  • Nome pessoal: Hardy, Thomas,
  • Datas associadas ao nome: 1840-1928

670 ## - FONTE POSITIVA DOS DADOS

  • Citação da fonte positiva dos dados: Assunto de: The essence of tragedy. 1981.

670 ## - FONTE POSITIVA DOS DADOS

  • Citação da fonte positiva dos dados: http://authorities.loc.gov 19/2/2018
  • Dados encontrados na fonte localizada no subcampo: (D.)

670 ## - FONTE POSITIVA DOS DADOS

  • Citação da fonte positiva dos dados: http://viaf.org/processed/BNF%7C11906896
  • Dados encontrados na fonte localizada no subcampo: (poeta e romancista; D.)

670 ## - FONTE POSITIVA DOS DADOS

  • Citação da fonte positiva dos dados: http://viaf.org/processed/WKP%7CQ132805
  • Dados encontrados na fonte localizada no subcampo: (novelista e poeta)

Powered by Koha